[Event "Krasnodar Region-ch (Women)"]
[Site "Krasnodar"]
[Date "2014.10.06"]
[Round "4"]
[White "Pavlenko, Ksenia"]
[Black "Zakarian, Diana"]
[Result "1-0"]
[WhiteElo "2012"]
[BlackElo "1446"]
[PlyCount "113"]
[EventDate "2014.10.03"]
[EventType "swiss"]
[EventRounds "9"]
[EventCountry "RUS"]
[SourceTitle "EXT 2015"]
[Source "ChessBase"]
[SourceDate "2014.11.20"]
[SourceVersion "1"]
[SourceVersionDate "2014.11.20"]
[SourceQuality "1"]

1. d4 Nf6 2. c4 g6 3. Nf3 Bg7 4. Nc3 e6 5. e4 0-0 6. g3 c6 7. Bg2 d5 8. Qe2 dxe4 9. Nxe4 Nxe4 10. Qxe4 Nd7 11. 0-0 c5 12. Be3 Qc7 13. Qc2 cxd4 14. Nxd4 Nb6 15. Rac1 Bxd4 16. Bxd4 e5 17. Be3 Bf5 18. Qb3 Nd7 19. Rfd1 Rfd8 20. c5 e4 21. Qa4 a6 22. Bxe4 Bxe4 23. Qxe4 Rac8 24. Bg5 Re8 25. Qd4 Nf8 26. Qd6 Ne6 27. Qxc7 Rxc7 28. Be3 Rec8 29. b4 Kf8 30. Rd6 Rc6 31. Rcd1 R8c7 32. Kg2 Ke7 33. a4 Ke8 34. R6d5 Rc8 35. Rd7 R6c7 36. Rxc7 Rxc7 37. Rd5 Nd8 38. Bf4 Rc8 39. Rd6 Nc6 40. Bd2 Ke7 41. Rd3 Ke6 42. Kf1 Na7 43. Rd6+ Ke7 44. Ke2 Nc6 45. Rd3 f5 46. Kd1 Ra8 47. Kc2 Rb8 48. Kb3 b6 49. Rd6 Na5+ 50. bxa5 bxc5+ 51. Kc2 Kxd6 52. Bf4+ Kd5 53. Bxb8 Kc4 54. Kd2 Kd4 55. h3 c4 56. Ba7+ Kd5 57. Kc3 1-0

[Event "Krasnodar Region-ch (Women)"]
[Site "Krasnodar"]
[Date "2014.10.03"]
[Round "1"]
[White "Pavlenko, Ksenia"]
[Black "Rybakova, Galina"]
[Result "1-0"]
[WhiteElo "2012"]
[BlackElo "1389"]
[PlyCount "39"]
[EventDate "2014.10.03"]
[EventType "swiss"]
[EventRounds "9"]
[EventCountry "RUS"]
[SourceTitle "EXT 2015"]
[Source "ChessBase"]
[SourceDate "2014.11.20"]
[SourceVersion "1"]
[SourceVersionDate "2014.11.20"]
[SourceQuality "1"]

1. d4 Nf6 2. c4 e6 3. Nf3 b6 4. g3 Bb7 5. Bg2 Be7 6. Nc3 0-0 7. 0-0 d6 8. Qc2 h6 9. e4 a6 10. Rd1 Nbd7 11. e5 Ne8 12. Ng5 Bxg5 13. Bxb7 Ra7 14. Bg2 Bxc1 15. Raxc1 Qe7 16. f4 f6 17. exf6 Ndxf6 18. Re1 c5 19. d5 Nc7 20. dxe6 1-0

[Event "Yuzhny FO-ch op (Women)"]
[Site "Astrakhan"]
[Date "2013.03.10"]
[Round "9"]
[White "Baraeva, Irina"]
[Black "Pavlenko, Ksenia"]
[Result "0-1"]
[WhiteElo "2187"]
[BlackElo "1890"]
[PlyCount "58"]
[EventDate "2013.03.02"]
[EventType "swiss"]
[EventRounds "9"]
[EventCountry "RUS"]
[SourceTitle "EXT 2014"]
[Source "ChessBase"]
[SourceDate "2013.11.20"]
[SourceVersion "1"]
[SourceVersionDate "2013.11.20"]
[SourceQuality "1"]

1. Nf3 f5 2. g3 Nf6 3. Bg2 e6 4. c4 c6 5. b3 d5 6. Bb2 Bd6 7. 0-0 0-0 8. d3 Qe7 9. Nc3 Nbd7 10. Rc1 Bb4 11. Rc2 e5 12. cxd5 Nxd5 13. Nb1 Bd6 14. a3 N7f6 15. Nfd2 Bd7 16. Nc4 Bc7 17. Nbd2 b5 18. Ne3 Nxe3 19. fxe3 Ng4 20. Rf3 e4 21. dxe4 fxe4 22. Rxf8+ Rxf8 23. Bd4 Bb6 24. Bxb6 axb6 25. Nf1 Nf2 26. Qd4 Nh3+ 27. Kh1 Qf7 28. Rc1 Qf2 29. Nd2 Qg1+ 0-1

[Event "Yuzhny FO-ch op (Women)"]
[Site "Astrakhan"]
[Date "2013.03.07"]
[Round "6"]
[White "Lvova, Vera"]
[Black "Pavlenko, Ksenia"]
[Result "0-1"]
[WhiteElo "1968"]
[BlackElo "1890"]
[PlyCount "112"]
[EventDate "2013.03.02"]
[EventType "swiss"]
[EventRounds "9"]
[EventCountry "RUS"]
[SourceTitle "EXT 2014"]
[Source "ChessBase"]
[SourceDate "2013.11.20"]
[SourceVersion "1"]
[SourceVersionDate "2013.11.20"]
[SourceQuality "1"]

1. d4 f5 2. Bg5 h6 3. Bh4 Nf6 4. Bxf6 exf6 5. e3 g6 6. c4 Nc6 7. Nc3 Bb4 8. Nge2 Ne7 9. a3 Bxc3+ 10. Nxc3 d6 11. Be2 Be6 12. Bf3 Qd7 13. d5 Bf7 14. b4 0-0 15. 0-0 a5 16. Qd4 Kg7 17. Be2 Rfd8 18. f4 b6 19. e4 c5 20. bxc5 bxc5 21. Qd2 h5 22. Bd3 Re8 23. Rab1 fxe4 24. Nxe4 Nf5 25. Rb6 Reb8 26. Rfb1 Rxb6 27. Rxb6 Qc7 28. Qb2 Qd8 29. Rb7 Nd4 30. Rb6 Nf5 31. a4 Ra7 32. Rb7 Rxb7 33. Qxb7 Kg8 34. Qb2 Nd4 35. Nc3 Kg7 36. Nb5 Nxb5 37. axb5 Qb6 38. Kf1 Bg8 39. Bc2 Bf7 40. Qc3 Bg8 41. Qd3 Bf7 42. Qe4 Qc7 43. h3 Qd8 44. Qe3 Qc7 45. g4 hxg4 46. hxg4 Qd8 47. Qc3 Qh8 48. Kg2 Qe8 49. g5 Kg8 50. gxf6 Qe2+ 51. Kg3 Qf1 52. b6 Qg1+ 53. Kf3 g5 54. b7 Bh5+ 55. Ke4 Qg2+ 56. Ke3 Qe2# 0-1

[Event "Yuzhny FO-ch op (Women)"]
[Site "Astrakhan"]
[Date "2013.03.05"]
[Round "4"]
[White "Yakimenko, Anastasia"]
[Black "Pavlenko, Ksenia"]
[Result "0-1"]
[WhiteElo "1949"]
[BlackElo "1890"]
[PlyCount "68"]
[EventDate "2013.03.02"]
[EventType "swiss"]
[EventRounds "9"]
[EventCountry "RUS"]
[SourceTitle "EXT 2014"]
[Source "ChessBase"]
[SourceDate "2013.11.20"]
[SourceVersion "1"]
[SourceVersionDate "2013.11.20"]
[SourceQuality "1"]

1. e4 c5 2. Nf3 d6 3. d4 cxd4 4. Nxd4 Nf6 5. Nc3 a6 6. Be3 Ng4 7. Bg5 h6 8. Bh4 g5 9. Bg3 Bg7 10. Be2 h5 11. h3 h4 12. Nf5 Bxf5 13. exf5 hxg3 14. Bxg4 Qb6 15. 0-0 gxf2+ 16. Kh1 Qxb2 17. Nd5 Qxa1 18. Qe2 Qe5 19. Qd3 0-0 20. f6 Bxf6 21. Rxf2 Nc6 22. c3 Qe1+ 23. Rf1 Ne5 24. Qf5 Qh4 25. Bd1 Qh6 26. Bc2 Rac8 27. Bb1 Rc5 28. Qe4 Qh4 29. Nxf6+ exf6 30. Qc2 Rfc8 31. Rxf6 Rxc3 32. Qe2 Rc1+ 33. Rf1 Rxf1+ 34. Qxf1 Qf4 0-1

[Event "Krasnodar Region-ch (Women)"]
[Site "Krasnodar"]
[Date "2012.10.04"]
[Round "3"]
[White "Baraeva, Irina"]
[Black "Pavlenko, Ksenia"]
[Result "1-0"]
[WhiteElo "2173"]
[BlackElo "1869"]
[PlyCount "61"]
[EventDate "2012.10.02"]
[EventType "swiss"]
[EventRounds "9"]
[EventCountry "RUS"]
[SourceTitle "EXT 2022"]
[Source "ChessBase"]
[SourceDate "2021.10.06"]
[SourceVersion "1"]
[SourceVersionDate "2021.10.06"]
[SourceQuality "1"]

1. d4 Nf6 2. c4 g6 3. Nc3 Bg7 4. e4 d6 5. Be2 0-0 6. Nf3 e5 7. Be3 Nc6 8. 0-0 Re8 9. d5 Ne7 10. c5 Ng4 11. cxd6 cxd6 12. Bc1 f5 13. Nd2 Nf6 14. f3 f4 15. Nc4 Rf8 16. b3 g5 17. Qe1 Ng6 18. a4 h5 19. Ba3 Ne8 20. Rc1 Rf7 21. Qf2 Bf8 22. Nb5 b6 23. Nbxd6 Nxd6 24. Nxd6 Bxd6 25. Bxd6 g4 26. Ba3 Nh4 27. Bb2 Rg7 28. fxg4 hxg4 29. Bxe5 g3 30. Qxf4 gxh2+ 31. Kh1 1-0